000 00418nam a22001457a 4500
999 _c256982
_d256981
003 OSt
005 20180720153638.0
008 180720b xxu||||| |||| 00| 0 eng d
020 _a201801272
040 _cN/A
100 _aKranowitz Carol Stock
245 _aThe outside -of-sync Child
_bRecognizing and copingwith sensory integration dysfunction
260 _aNewYork
_bPenguin Group L.t.d
_c1998
942 _2lcc
_cBK